Bus Montréal - Statistiques

Statistiques générales
  • Ce quiz a été pris 97 fois
  • Le résultat moyen est 51 sur 194
Statistiques - réponses
Hint Réponse % Correct
67 Saint-Michel
69%
171 | 215 Henri-Bourassa
66%
24 | 105 | 185 Sherbrooke
62%
468 Express Pierrefonds / Gouin
59%
69 | 205 Gouin
59%
45 Papineau
59%
55 Boulevard Saint-Laurent
55%
93 Jean-Talon
55%
121 Sauvé / Côte-Vertu
55%
18 Beaubien
52%
10 De Lorimier
52%
49 Maurice-Duplessis
52%
139 Pie-IX
52%
197 Rosemont
52%
128 Saint-Laurent
52%
146 Christophe-Colomb / Meilleur
45%
30 Saint-Denis / Saint-Hubert
45%
27 Saint-Joseph
45%
95 Bélanger
41%
13 Christophe-Colomb
41%
100 Crémazie
41%
141 Jean-Talon Est
41%
22 | 189 Notre-Dame
41%
48 Perras
41%
31 Saint-Denis
41%
968 Trainbus Roxboro / Côte-Vertu
41%
136 Viau
41%
165 Côte-des-Neiges
38%
467 Express Saint-Michel
38%
37 Jolicoeur
38%
32 Lacordaire
38%
33 Langelier
38%
125 Ontario
38%
11 Parc-du-Mont-Royal / Ridgewood
38%
15 | 34 Sainte-Catherine
38%
44 Armand-Bombardier
34%
14 Atateken
34%
97 Avenue-du-Mont-Royal
34%
19 Chabanel / Marché Central
34%
129 Côte-Sainte-Catherine
34%
94 D'Iberville
34%
195 Dorval / Angrignon
34%
140 Fleury
34%
16 Graham
34%
12 | 872 Île-des-Soeurs
34%
193 Jarry
34%
36 Monk
34%
150 | 187 René-Lévesque
34%
56 Saint-Hubert
34%
107 Verdun
34%
58 | 61 Wellington
34%
114 Angrignon
31%
25 Angus
31%
80 Avenue du Parc
31%
54 Charland / Chabanel
31%
17 Décarie
31%
38 De l'Église
31%
51 Édouard-Montpetit
31%
64 Grenet
31%
28 Honoré-Beaugrand
31%
92 Jean-Talon Ouest
31%
170 Keller
31%
106 Newman
31%
166 Queen-Mary
31%
29 Rachel
31%
66 The Boulevard
31%
126 Thimens / Grenet
31%
50 | 715 Vieux-Montréal / Vieux-Port
31%
179 De l'Acadie
28%
448 Express Maurice-Duplessis
28%
427 Express Saint-Joseph
28%
40 Henri-Bourassa-Est
28%
777 Jean-Drapeau / Casino / Bonaventure
28%
767 La Ronde / Station Jean-Drapeau
28%
769 La Ronde / Station Papineau
28%
47 Masson
28%
43 Monselet
28%
711 Parc-du-Mont-Royal / Oratoire
28%
68 Pierrefonds
28%
86 Pointe-aux-Trembles
28%
201 Saint-Charles / Saint-Jean
28%
186 Sherbrooke-Est
28%
747 YUL Aéroport / Centre-Ville
28%
160 Barclay
24%
211 Bord-du-Lac
24%
46 Casgrain
24%
57 Charlevoix
24%
469 Express Henri-Bourassa
24%
495 Express Lachine / LaSalle
24%
432 Express Lacordaire
24%
445 Express Papineau
24%
439 Express Pie-IX
24%
183 Gouin Est
24%
35 Griffintown
24%
85 Hochelaga
24%
71 Pointe-Saint-Charles
24%
212 Sainte-Anne
24%
90 Saint-Jacques
24%
161 Van-Horne
24%
180 De Salaberry
21%
123 Dollard / Shevchenko
21%
164 Dudemaine
21%
411 Express Lionel-Groulx
21%
470 Express Pierrefonds
21%
26 Mercier-Est
21%
41 Quartier Saint-Michel / Ahuntsic
21%
192 Robert
21%
200 Sainte-Anne-de-Bellevue
21%
99 Villeray
21%
108 Bannantyne
17%
70 Bois-Franc
17%
110 Centrale
17%
73 Dalton
17%
131 De l'Assomption
17%
52 de Liège
17%
39 Des Grandes-Prairies
17%
405 Express Bord-du-Lac
17%
444 Express Cégep Marie-Victorin
17%
465 Express Côte-des-Neiges
17%
480 Express du Parc
17%
460 Express Métropolitaine
17%
410 Express Notre-Dame
17%
225 Hymus
17%
78 Laurendeau
17%
103 Monkland
17%
811 Navette Services santé
17%
117 O'Brien
17%
768 Plage Jean-Doré
17%
112 Airlie
14%
72 Alfred-Nobel
14%
144 Avenue des Pins
14%
198 Broadway
14%
104 Cavendish
14%
188 Couture
14%
135 De l'Esplanade
14%
449 Express Rivière-des-Prairies
14%
63 Girouard
14%
138 Notre-Dame-de-Grâce
14%
196 Parc-Industriel-Lachine
14%
115 Paré
14%
81 Saint-Jean-Baptiste
14%
124 Victoria
14%
162 Westminster
14%
217 Anse-à-l'Orme
10%
74 Bridge
10%
174 Côte-Vertu-Ouest
10%
202 Dawson
10%
209 Des Sources
10%
425 Express Anse-à-l'Orme
10%
440 Express Charleroi
10%
430 Express Pointe-aux-Trembles
10%
496 Express Victoria
10%
175 Griffith / Saint-François
10%
220 Kieran
10%
113 Lapierre
10%
822 Navette Longue-Pointe
10%
213 Parc-Industriel-Saint-Laurent
10%
119 Rockland
10%
101 Saint-Patrick
10%
102 Somerled
10%
216 Transcanadienne
10%
218 Antoine-Faucon
7%
177 Berlioz
7%
208 Brunswick
7%
204 Cardinal
7%
203 Carson
7%
219 Chemin Sainte-Marie
7%
168 Cité-du-Havre
7%
172 Du Golf
7%
485 Express Antoine-Faucon
7%
487 Express Bout-de-l'Île
7%
409 Express Des Sources
7%
475 Express Dollard-des-Ormeaux
7%
407 Express Île-Bizard
7%
419 Express John Abbott
7%
420 Express Notre-Dame-de-Grâce
7%
491 Express Provost
7%
401 Express Saint-Charles
7%
486 Express Sherbrooke
7%
207 Jacques-Bizard
7%
206 Roger-Pilon
7%
75 De la Commune
3%
428 Express Parcs industriels de l'Est
3%
190 Norman
3%
Aucun quiz correspondant
Distribution des résultats
% des personnes avec chaque résultat
Percentile par nombre de réponses
Votre historique - résultats
Vous n’avez pas pris ce quiz